Georgian Cities - Statistics

General Stats
  • This quiz has been taken 22 times
  • The average score is 17 of 63
Answer Stats
A City % Correct
Tbilisi Tbilisi
95%
Adjara Batumi
80%
Imereti Kutaisi
75%
Shida Kartli Gori
60%
Mtskheta-Tianeti Mtskheta
60%
Samtskhe-Javakheti Borjomi
55%
Samegrelo-Zemo Svaneti Poti
50%
Samegrelo-Zemo Svaneti Zugdidi
50%
Kakheti Telavi
45%
Abkhazeti Gagra
40%
Adjara Kobuleti
40%
Abkhazeti Sokhumi
40%
Guria Ozurgeti
35%
Kvemo Kartli Rustavi
35%
Shida Kartli Tskhinvali
35%
Mtskheta-Tianeti Dusheti
30%
Abkhazeti Gali
30%
Kvemo Kartli Marneuli
30%
Imereti Samtredia
30%
Samegrelo-Zemo Svaneti Senaki
30%
Samegrelo-Zemo Svaneti Abasha
25%
Kakheti Akhmeta
25%
Kvemo Kartli Bolnisi
25%
Imereti Chiatura
25%
Kakheti Dedoplistskaro
25%
Abkhazeti Gudauta
25%
Kakheti Gurjaani
25%
Shida Kartli Kaspi
25%
Shida Kartli Khashuri
25%
Guria Lanchkhuti
25%
Abkhazeti Ochamchire
25%
Racha-Lechkhumi and Zemo Svaneti Oni
25%
Kakheti Sighnaghi
25%
Samtskhe-Javakheti Akhalkalaki
20%
Samtskhe-Javakheti Akhaltsikhe
20%
Racha-Lechkhumi and Zemo Svaneti Ambrolauri
20%
Imereti Baghdati
20%
Imereti Khoni
20%
Samegrelo-Zemo Svaneti Martvili
20%
Imereti Sachkhere
20%
Kakheti Sagarejo
20%
Imereti Terjola
20%
Kvemo Kartli Tsalka
20%
Imereti Tskaltubo
20%
Imereti Zestaponi
20%
Samegrelo-Zemo Svaneti Chkhorotsku
15%
Shida Kartli Kareli
15%
Samegrelo-Zemo Svaneti Khobi
15%
Samtskhe-Javakheti Ninotsminda
15%
Kvemo Kartli Tetritskaro
15%
Imereti Tkibuli
15%
Abkhazeti Tkvarcheli
15%
Imereti Vani
15%
Kvemo Kartli Dmanisi
10%
Samegrelo-Zemo Svaneti Jvari
10%
Kakheti Kvareli
10%
Kakheti Lagodekhi
10%
Racha-Lechkhumi and Zemo Svaneti Tsageri
10%
Samegrelo-Zemo Svaneti Tsalenjikha
10%
Kakheti Tsnori
10%
Kvemo Kartli Gardabani
5%
Samtskhe-Javakheti Vale
5%
Abkhazeti Akhali Atoni
0%
No matching quizzes found
Score Distribution
Percent of People with Each Score
Percentile by Number Answered
Your Score History
You have not taken this quiz